00449nam a2200145Ia 4500003000900000008004100009040001600050110003700066245008000103260005300183300001600236650001900252650001000271650002200281IN-BaIIA211028s9999 xx 000 0 eng d cIIA Library aInternational Astronomical Union 0aApparent places of fundamental stars 1985cInternational Astronomical Union aHeidenburgbAstronomisches Rechen-Institutc1984 axlvi, 510p. aNASA Thesaurus astars aStars-fundamental